000 00852nam a2200217Ia 4500
999 _c40123
_d40123
001 6729
003 GE_BSU
005 20191217155359.0
008 181216s1992||||ge |||||||||||||| ||geo||
040 _cGE_BSU
041 _ageo
080 _a821.353.1 გ-30
100 _aგელაშვილი, კონსტანტინე.
_95839
245 _aჩემო მამულო :
_bლექსები /
_cკონსტანტინე გელაშვილი ; რედ. დათო ახობაძე.
264 _aთბილისი :
_bმერანი,
_c1992.
300 _a62 გვ. ;
_bფოტო ;
_c19 სმ.
653 _aლექსები
653 _aჩემო მამულო
700 _aახობაძე, დათო
_eრედაქტორი
_95840
942 _cBK
_2udc